000 01338cam a22003374a 4500
001 12956221
003 OSt
005 20210411112412.0
008 021003s2003 nyua b 001 0 eng
010 _a 2002036547
020 _a0387955747 (softcover : alk. paper)
040 _aDLC
_cDLC
_dDLC
042 _apcc
050 0 0 _aRA651
_b.K545 2003
080 _a616.036.2
_bK-53
082 0 0 _a614.4
_221
100 1 _aKleinbaum, David G.
245 1 0 _aActivEpi companion textbook :
_ba supplement for use with ActivEpi CD-ROM /
_cDavid G. Kleinbaum, Kevin M. Sullivan, Nancy D. Barker.
260 _aNew York :
_bSpringer,
_cc2003.
300 _a518 p. :
_bill. ;
_c28 cm.
504 _aIncludes bibliographical references and index.
650 0 _aEpidemiology.
653 _aეპიდემიოლოგია
700 1 _aSullivan, Kevin M.
_q(Kevin Mark)
700 1 _aBarker, Nancy D.
856 4 2 _3Publisher description
_uhttp://www.loc.gov/catdir/enhancements/fy0817/2002036547-d.html
856 4 1 _3Table of contents only
_uhttp://www.loc.gov/catdir/enhancements/fy0817/2002036547-t.html
906 _a7
_bcbc
_corignew
_d1
_eocip
_f20
_gy-gencatlg
942 _2udc
_cBK
999 _c74
_d74